【サドンデス】歌詞に英字が含まれている乃木坂46の楽曲 - Statistics

General Stats
  • This quiz has been taken 20 times
  • The average score is 3 of 35
Answers on the Grid
Answers color-coded by a green-red scale on the quiz's grid according to % correct below.
ぐるぐるカーテン
おいでシャンプー
制服のマネキン
君の名は希望
ガールズルール
バレッタ
気づいたら片想い
何度目の青空か?
命は美しい
太陽ノック
今、話したい誰かがいる
ハルジオンが咲く頃
サヨナラの意味
インフルエンサー
逃げ水
いつかできるから今日できる
シンクロニシティ
ジコチューで行こう!
帰り道は遠回りしたくなる
夜明けまで強がらなくてもいい
しあわせの保護色
僕は僕を好きになる
君に叱られた
好きというのはロックだぜ!
ここにはないもの
人は夢を二度見る
おひとりさま天国
チャンスは平等
チートデイ
歩道橋
ネーブルオレンジ
きっかけ
バンドエイド剥がすような別れ方
17分間
世界中の隣人よ
ジャンピングジョーカーフラッシュ
心にもないこと
価値あるもの
車道側
絶望の一秒前
ロマンスのスタート
ざぶんざぶん
扇風機
思い出ファースト
4番目の光
三番目の風
図書室の君へ
せっかちなかたつむり
僕だけの光
僕が手を叩く方へ
言霊砲
他人のそら似
アンダー
2度目のキスから
僕たちのサヨナラ
泣いたっていいじゃないか
ひと夏の長さより...
制服を脱いでサヨナラを...
ごめんね ずっと...
強がる蕾
滑走路
ブランコ
深読み
ありがちな恋愛
あと7曲
アトノマツリ
全部 夢のまま
あの光
誰かの肩
 
Answer Stats
Answer % Correct
好きというのはロックだぜ!
38%
おひとりさま天国
31%
ネーブルオレンジ
31%
チャンスは平等
25%
チートデイ
25%
太陽ノック
19%
ジャンピングジョーカーフラッシュ
19%
17分間
19%
君の名は希望
13%
しあわせの保護色
13%
絶望の一秒前
13%
あと7曲
13%
制服のマネキン
6%
インフルエンサー
6%
いつかできるから今日できる
6%
ジコチューで行こう!
6%
帰り道は遠回りしたくなる
6%
心にもないこと
6%
三番目の風
6%
せっかちなかたつむり
6%
僕だけの光
6%
僕が手を叩く方へ
6%
他人のそら似
6%
制服を脱いでサヨナラを...
6%
深読み
6%
ガールズルール
0%
命は美しい
0%
ここにはないもの
0%
世界中の隣人よ
0%
価値あるもの
0%
言霊砲
0%
滑走路
0%
アトノマツリ
0%
全部 夢のまま
0%
2度目のキスから
0%
No matching quizzes found
Score Distribution
Percent of People with Each Score
Percentile by Number Answered
Your Score History
You have not taken this quiz